| 000 | 02521nam a2200313 a 4500 | ||
|---|---|---|---|
| 001 | 000026735 | ||
| 003 | DO-SdBNP | ||
| 005 | 20220127112340.0 | ||
| 007 | 000026735 | ||
| 008 | 110222s2000 dr abc 000 0 spa d | ||
| 040 |
_aBPMSU _bspa _cBPMSU |
||
| 082 |
_a901.9 _bC719h 2000 _222 |
||
| 092 |
_a _b |
||
| 100 | 1 |
_aColón, Juan _d1962- |
|
| 245 | 1 | 0 |
_aHistoria de las civilizaciones / _cJuan Colón; colaboración Luisa Navarro. |
| 250 | _a8va ed. | ||
| 260 |
_aSanto Domingo : _bAlfa y Omega, _c2000. |
||
| 300 |
_a142,[22] p. : _bil., maps. retr. ; _c29 cm. |
||
| 500 | _aIncluye datos biográficos del autor en la contraportada | ||
| 505 | 2 | _aPrólogo -- Metodología general de las ciencias sociales -- Historia de las civilizaciones -- Egipto -- Mesopotamia (hoy Irak) -- Persia o Irán-- Fenicia -- Los Hebreos -- La India -- China -- Grecia -- Esparta y Atenas -- Roma -- El critianismo -- La edad Media -- Arabia -- El feudalismo -- El Imperio Carolingio -- El imperio Bizantino -- Las cruzadas -- Grandes cambios de fines de la edad media -- El renacimiento -- Los grandes inventos, los escubrimientos geográficos -- Transformación político social de Europa en la edad moderna. La monarqueía absoluta y la burguesía , economía y comercio-- La reforma religiosa -- La conquista de América y la preponderancia española en el siglo xvi -- La revolución inglesa -- La ilustración y la nuevas ideas políticas, económicas y sociales. El enciclopedismo. El despotismo ilustrados. Difusión en América | |
| 505 | 2 | _aLa independecia de los Estados Unidos de América -- La época contemporánea -- La revolución francesa. Causas -- Absolutismo y liberalismo en Europa -- La revolución industrial. Consecuencias sociales, económicas y políticas -- El arte de los siglos xvii, y xix, barroco, rococó, neoclacismo y romanticismo, realismo e impresionalismo -- La primera guerra mundial. Antecedentes y causas del conflixto -- El Fascismo y el Nazismo -- La segunda guerra mundial -- La liberación de los pueblos de Asia, Áfricay Oceanía y nacimiento de nuevos países -- La cultura, las ciencias y el avance tecnológico. Desarrollo de las comunicaciones y conquista del espacio -- Caída del Bloque Soviético -- La guerra del golfo pércico | |
| 650 | 4 |
_aCivilización _xHistoria |
|
| 650 | 4 | _aHistoria universal | |
| 700 | 1 |
_aNavarro, Luisa _ecool. |
|
| 910 | _aVMateo V. | ||
| 942 |
_2ddc _cBK |
||
| 945 | _ainventariado, 2018 / dg | ||
| 956 |
_aVMATEO _b10 _c20110328 _lBPMSU _h0069 |
||
| 999 |
_c7358 _d7358 |
||